| 000 | 00994nam a22002297a 4500 | ||
|---|---|---|---|
| 005 | 20090527145025.0 | ||
| 008 | 090527t xxu||||| |||| 00| 0 eng d | ||
| 010 | _aENG-93751 | ||
| 020 |
_a9788178127309 _c40.00 |
||
| 035 | _aEN-77284 | ||
| 037 | _bDBAD / PUB | ||
| 040 |
_adpl _bEnglish |
||
| 082 | _a954.52 | ||
| 245 |
_aR. Gupta's West Bengal general knowledge: _ccompiled & edited by Khushboo Singh [and] Sanjay Kumar _ba complete descrition of history, geography, economy, polity, flora & fauna, culture and more / |
||
| 260 |
_aNew Delhi _bRamesh Publishing House _c2010 |
||
| 270 |
_a12-H, New Daryaganj Road, Opp. Traffic Kotwali, _bNew Delhi _e110002 |
||
| 300 |
_axvi, 152p. _c20cm(pbk) |
||
| 700 | _aKhushboo Singh | ||
| 700 | _aSanjay Kumar | ||
| 942 |
_2ddc _cEN _mRGU _h954.52 |
||
| 999 |
_c26866 _d26866 |
||